Nekonfliktné riešenie sporu

Bibliographic Details
Main Author: Pokojná, Katarína (Author)
Format: Article
Language:Slovak
PhysicalDescription:Fotogr.
ISSN:1335-4620
Subjects:

MARC

LEADER 00000nab a2200000 ar4500
001 vtls008996518
003 SK-MaSNL
005 20260303065744.0
008 070606c2006 xo er|p|||||||000 b|slo
015 |a SNBRB2007/06  |2 snkbucl 
038 |a SNKBUCL 
040 |a SNKBUCL  |b slo  |c SNKBUCL  |e AACR2 
041 0 |a slo 
044 |a xo  |c SK 
080 |a 347.769  |2 2001 
100 1 |a Pokojná, Katarína  |4 aut  |9 426285 
245 1 0 |a Nekonfliktné riešenie sporu  |c Katarína Pokojná 
300 |b Fotogr. 
650 0 7 |a mediácia  |2 snkbucl  |9 25067 
773 0 |t Profit  |g Č. 23 (2006), s. 42-43  |x 1335-4620 
852 |a SNK  |b KIS3GCP 
999 |c 1752547  |d 1754477